| 000 | 00406nam a2200157 a 4500 | ||
|---|---|---|---|
| 001 | 748 | ||
| 003 | CDMR | ||
| 005 | 20130920101335.0 | ||
| 008 | 130130s1981||||||||||||||||||||||||||||d | ||
| 040 |
_aCDMR _bcat _cCDMR |
||
| 100 | 1 |
_aCenoz, Guillermina _9578 |
|
| 245 | 1 | 0 | _aDiccionario inglés |
| 260 |
_aBarcelona _c1981 _bHerder |
||
| 505 | _aConté: I. Inglés-español ; II. Español-inglés | ||
| 942 |
_cMON _2udc |
||
| 999 |
_c748 _d748 |
||